000 00813nam a2200205Ia 4500
008 0000001968 fr a 0000000000fre00
090 _aPUS00 A41a
100 1 _aAlbers, Josef
_d18881976
245 1 0 _aAlbers
_c/ photos A. Morain
300 _a[20] p.
_c/ 21 cm.
500 _aExposición realizada en la Galería Denise René, Paris, MarzoAbril, 1968 \ Artista alemán nacionalizado en Estados Unidos \ Con el patronazgo del maestro venezolano Jesús Rafael Soto (q.e.p.d.)
600 0 0 _aALBERS, JOSEF, 1888197/
_xTRABAJOS PICTORICOS .
650 1 4 _aARTE CONTEMPORANEO ESTADOUNIDENSE
650 1 4 _xCATALOGOS
650 1 4 _xEXPOSICIONES
650 1 4 _aPINTORES ESTADOUNIDENSES
650 1 4 _aPINTURA ESTADOUNIDENSE
700 1 _aMorain, A.
999 _c1640
_d1640
260 _aParis : Galerie Denise René
_c1968